[Event "PCA-Wch Candidates final"]
[Site "Las Palmas"]
[Date "1995.??.??"]
[Round "10"]
[White "Kamsky, Gata"]
[Black "Anand, Viswanathan"]
[Result "1/2-1/2"]
[WhiteElo "2710"]
[BlackElo "2715"]
[Annotator "Anand,V"]
[PlyCount "81"]
[EventDate "1995.03.??"]
[EventType "match"]
[EventRounds "11"]
[EventCountry "ESP"]
[SourceTitle "CBM 046"]
[Source "ChessBase"]
[SourceDate "1995.06.01"]
[SourceVersion "1"]
[SourceVersionDate "1995.06.01"]
[SourceQuality "1"]

1. d4 {Ftacnik} Nf6 2. c4 g6 3. Nc3 d5 4. cxd5 Nxd5 5. e4 Nxc3 6. bxc3 Bg7 7.
Bc4 c5 8. Ne2 O-O 9. Be3 Nc6 10. Rc1 cxd4 11. cxd4 Qa5+ 12. Kf1 Qa3 13. Qb3 (
13. Qd2 $6 {Ftacnik} Rd8 {/\ Nd4!} 14. d5 Ne5 15. Bb5 b6 $1 16. f4 $6 Ng4 17.
Bd4 e5 $1 18. Bb2 Qxa2 19. Ra1 Qb3 20. Bc6 Rb8 21. Rxa7 Ne3+ 22. Kf2 Nc4 23.
Qc3 Qxb2 24. Qxc4 $17 {Ftacnik,L-Gurevich,I/Biel izt/1993/0-1 (38)}) (13. Rc3 {
Ftacnik} Qd6 14. f3 Na5 15. Bd3 Be6 16. Bf4 Qb4 17. Bd2 b6 18. Rc7 Qd6 19. Bf4
Qd8 20. d5 Bd7 21. Ba6 e6 22. dxe6 Bxe6 23. Qc2 Bc8 24. Bb5 {Browne,W-Kudrin,S/
Philadelphia opI (9)/1992/0.5 (75)}) 13... Qxb3 14. Bxb3 (14. axb3 {Ftacnik}
Rd8 (14... e6 15. d5 exd5 16. Bxd5 Bd7 $10) 15. d5 Na5 16. f4 b6 $13) 14... Bd7
15. f4 $1 $146 Rfc8 16. Kf2 (16. d5 {Ftacnik} Na5 17. Rxc8+ $140 $2 Rxc8 18.
Bxa7 Nxb3 19. axb3 Bb5 20. Ke1 Rc2 $17) 16... Na5 17. d5 (17. Rxc8+ {Ftacnik}
Rxc8 18. Rc1 Rxc1 19. Bxc1 e6 $10) 17... Nxb3 18. axb3 Bb2 $1 (18... b6 19. Bd4
$16) (18... a5 {Ftacnik} 19. Bd4 b5 $132) 19. Rxc8+ Rxc8 20. Bxa7 Rc2 21. Kf3 (
21. Ke3 Bg4 22. Re1 Bxe2 23. Rxe2 Bc1+ 24. Kd3 Rxe2 25. Kxe2 Bxf4 $10) 21... f5
22. exf5 (22. e5 $6 {Ftacnik} Rd2 23. Ke3 Rxd5 24. Rb1 Ba3 25. Nc3 Ra5 26. Bd4
Bb4 $15) 22... Bxf5 (22... gxf5 {= Short,N}) 23. Rd1 Ba3 (23... h5 {Ftacnik}
24. h3 Kf7 25. Bd4 Ba3 26. Be5 Bc5) 24. Be3 (24. Nd4 {Ftacnik} Rc3+ 25. Kf2 Be4
26. g3 Bd6) 24... Bd6 25. h3 (25. Nd4 $5 {Ftacnik} Rb2 26. Nxf5 (26. g4 Bd7 27.
h3 Kf7) 26... gxf5 27. Rd3 Kf7 28. h3 h5 29. Bd4 Rc2 $14) 25... Ra2 26. Nd4 Bd7
27. Rc1 (27. Rd2 {Ftacnik} Ra3 (27... Ra1 28. Ne6 $5 Rb1 29. Rd3 $14) 28. Rc2
Kf7) 27... Kf7 28. g4 (28. Rc2 {Ftacnik} Ra5 29. Ke4 h5 $44) 28... h5 $1 $44 (
28... Ra5 {Ftacnik} 29. Ke4) 29. Kg3 $2 (29. gxh5 {Ftacnik} gxh5 30. Rh1 Bc5
$10) 29... Ra5 30. Ne6 Bxe6 (30... Rxd5 {Ftacnik} 31. Nd8+ Ke8 32. Nxb7 $14)
31. dxe6+ Kxe6 $10 32. Kf3 Ra2 33. Rd1 Rb2 34. Rd3 hxg4+ 35. hxg4 Rb1 36. Bd2 (
36. Ke4 {Ftacnik} Re1 $10) 36... Rf1+ 37. Ke4 (37. Ke2 {Ftacnik} Rg1) 37... Rg1
38. Kf3 Rf1+ 39. Ke4 Rg1 40. Kf3 Rf1+ 41. Ke4 1/2-1/2

[Event "Rubinstein Memorial 38th"]
[Site "Polanica Zdroj"]
[Date "2006.08.21"]
[Round "2"]
[White "Atalik, Suat"]
[Black "Belov, Vladimir"]
[Result "1/2-1/2"]
[WhiteElo "2619"]
[BlackElo "2598"]
[Annotator "Atalik,S"]
[PlyCount "183"]
[EventDate "2006.08.20"]
[EventType "tourn"]
[EventRounds "9"]
[EventCountry "POL"]
[EventCategory "13"]
[SourceTitle "CBM 113 Extra"]
[Source "ChessBase"]
[SourceDate "2006.09.14"]
[SourceVersion "1"]
[SourceVersionDate "2006.09.14"]
[SourceQuality "1"]

1. d4 Nf6 2. c4 g6 3. Nc3 d5 {The ever nasty Gruenfeldt Defence.} 4. cxd5 Nxd5
5. e4 Nxc3 6. bxc3 Bg7 7. Bc4 $5 {For this game I have prepared the Classical
line.} c5 8. Ne2 Nc6 9. Be3 O-O 10. O-O Qc7 $5 {I am never afraid of this line
for white.It is slower than} (10... Bg4 {After which I had a funny preparation}
11. f3 Na5 12. Bd5 $5 Bd7 13. Rb1 Qc7 14. Bf4 Qc8 15. Rc1 $5 Bb5 16. Re1 $13)
11. Rc1 Rd8 12. Bf4 Qd7 (12... e5 13. Bg3) 13. dxc5 $5 {An interesting move.So
far it is not found how black can clearly equalize after this.} (13. d5 Na5 14.
Bd3 $14 {was commonly seen some years ago.}) 13... Qe8 (13... Ne5 14. Bxe5 Bxe5
15. Qb3 e6 16. Rcd1 Qe7 17. Rxd8+ Qxd8 18. f4 Bg7 19. f5 $16 {was found by
Shariyazdanov.}) (13... Na5 14. Bd5 $1 (14. Bb5 Qxd1 15. Rfxd1 Rxd1+ 16. Rxd1
Be6 17. Nd4 Bg4 18. f3 e5 19. Bxe5 Bxe5 20. fxg4 Rc8 21. Ne2 Rxc5 22. Rd5 b6 $1
$14) 14... e6 15. Bb3 Qe8 16. Qc2 Qc6 17. Rfd1 $16 {is not a picnic.}) 14. Bd5
Bd7 15. Qd3 $1 $146 {This is an important new move recommended by GM Rainer
Knaak who was a great expert of this line with white.} Rac8 $2 {This normal
looking move can be a terrible mistake.} (15... Bg4 $2 16. f3 Bd7 17. Qe3 e6
18. Bb3 Ne5 19. Bg5 f6 20. Bh4 Nf7 21. f4 $16) (15... e6 16. Bb3 $16) (15... b6
$5 16. Qe3 $1 (16. Bc7 Rdc8 17. cxb6 axb6 18. Bxb6 e6 19. Bb3 Ne5 20. Qc2 Bb5
$132) 16... bxc5 17. Qxc5 Rdc8 18. Qe3 e6 19. Bb3 a5 $44) 16. Qg3 $16 {Now
black is boxed.} e5 $2 {This only makes things easier.} 17. Bg5 Ne7 18. Qh4 $18
Bf8 (18... Nxd5 19. Bxd8 (19. exd5 f6 20. Bxf6 Bxf6 21. Qxf6 Rxc5 22. c4 Rdc8
23. f4 $16) 19... Ne3 20. fxe3 Qxd8 21. Qxd8+ Rxd8 22. Rcd1 Kf8 23. c4 Ke7 24.
Nc3 $18) 19. Bb3 $6 {After a long thought I have decided for the text which
aims to throw f4 in with a big effect.} (19. Rb1 Rc7 (19... Rxc5 20. Rxb7 Rdc8
21. Bxf7+ Kxf7 22. Qxh7+ Bg7 23. f4 $1 $18) 20. Bf6 Rb8 21. Bb3 (21. Bxe5 $2
Nxd5) 21... Rxc5 22. f4 Bb5 23. Rbe1 Nc6 24. fxe5 Bc4 25. Qg3 $18 {should win.}
) (19. Bf6 Rxc5) ({Easiest seemed} 19. c4 $1 Rxc5 20. Nc3 Rdc8 21. Bxb7 $18) (
19. f4 Nxd5 20. exd5 Bxc5+ 21. Kh1 e4 22. c4 $16) 19... a5 $1 {Now the game
started to get very interesting.This game also had an important impact in my
tournament.In Polanica basically from this moment on in really wiining,good or
simply better positions I started to go really wrong first lose my advantage
then risk and blunder even ended up losing some 3 games.} 20. a4 {After this
black hooks counterplay on a4.} (20. a3 $5 a4 21. Ba2 Bb5 22. c4 Ba6 $132 {
white is still better but the pressure over f7 is over.}) 20... Rc7 (20... Rxc5
21. f4 Be6 22. Bxe6 fxe6 23. fxe5 $16 Rxe5 $2 24. Rxf8+ $18) 21. Bf6 {I might
have kept some consistency with the idea of f4.} (21. f4 $5 Bxa4 22. Bxa4 Qxa4
23. fxe5 h6 (23... Qc4 24. Nd4 $18) 24. Be3 Qc4 25. Nd4 $18) 21... Bxa4 22.
Bxe5 $2 {I had a very strong idea connecting c4,Nc3-d5 with a queen sac.} (22.
Bxa4 Qxa4 23. c4 $1 Re8 24. Nc3 Qb4 25. Bxe5 Nf5 26. Qf6 Bg7 27. Nd5 $3 Bxf6 (
27... Qxc5 28. Bxc7 (28. exf5 Bxf6 29. Nxf6+ Kf8 30. Nxh7+ Kg8 31. Nf6+ Kf8 32.
Bxc7 Qxc7 33. Nxe8 Kxe8 34. fxg6 fxg6 35. c5 $18) 28... Bxf6 29. Nxf6+ Kh8 30.
exf5 $18) 28. Nxf6+ Kf8 29. Bxc7 Rc8 30. Nd5 Qxc5 31. Bb6 $18) 22... Rxc5 (
22... Nf5 $2 23. exf5 Qxe5 24. fxg6 hxg6 25. Bxa4 Be7 26. Qg4 $18 {or} (26. Qg3
$18)) 23. Bxa4 (23. Bd4 Rh5 (23... Bxb3 24. Bxc5) 24. Qf6 Rxd4 25. Nxd4 Bxb3
26. Nxb3 Nc6 $44) 23... Qxa4 24. Qf6 (24. Bd4 Rc6) 24... Rxe5 25. Qxe5 Nc6 $44
{I was deliberately heading for this position however arriving into that I
have understood that black has compensation.} 26. Qc7 (26. Qf4 Qc4 27. Nd4 Nxd4
28. cxd4 Qxd4 29. Qc7 b6 $44) 26... Qb5 (26... Qxe4 27. Qxb7 (27. Nd4 $6 Nxd4
28. Qxd8 Ne2+ 29. Kh1 Nxc1 30. Rxc1 a4 $36) 27... Qc4 $44) 27. Nd4 (27. c4 Qb2
28. Ng3 Bd6 29. Rb1 Bxc7 30. Rxb2 Nb4 $44) 27... Nxd4 28. Qxd8 (28. cxd4 $6
Rxd4 29. Rb1 Bb4) 28... Ne2+ 29. Kh1 Nxc1 30. Rxc1 Qb2 31. Qd1 Qxf2 32. Qd4 $1
{I was counting on this.} Qf4 $6 {Volodya aims at white's kingside instead of
keeping his queen around the second rank which would probably give him enough
compensation.} (32... Qxd4 33. cxd4 b5 34. d5 a4 (34... b4 35. Ra1) 35. Rc8 Kg7
36. e5 b4 37. d6 b3 38. Rb8 f6 39. Rb7+ Kh6 40. d7 Be7 41. exf6 Bxf6 42. g3 Kg5
43. Rb4 $18) (32... Qb2 33. Rf1 Qe2 34. Ra1 h5 $44) (32... Qe2 $44) 33. Ra1 Bd6
$2 {This is tricky but bad.} (33... Qc7 34. Qa7 Qxc3 35. Qxa5 Qd4 36. Qa4 Qe5
$44) (33... Bg7 34. Qd8+ Bf8 35. Qd3 (35. Qd5 Bd6) 35... Bg7 36. g3 Qc7 37. Ra3
b5 $44) 34. g3 Qf3+ 35. Kg1 Bc7 {A sad necessity.} (35... Bxg3 $2 36. Rxa5 $1
Bb8 37. Ra8 (37. e5 $5 $18 {also wins by exchanging queens.}) 37... Qg4+ 38.
Kf2 Qh4+ 39. Kf1 Qh3+ 40. Ke1 Qc8 41. e5 $18) 36. Rf1 $8 (36. Qc5 $2 Qxe4 37.
Qxc7 Qe3+ 38. Kf1 Qf3+ $11) (36. Rb1 $2 Bxg3 $11) 36... Qe2 37. Rf2 $2 $138 {
A real lemmon.} (37. c4 $1 {wins easily.} b5 38. c5 Qg4 39. Qd5 Qe6 40. Qxe6
fxe6 41. Rd1 a4 42. Rd7 Ba5 43. c6 b4 44. c7 Bxc7 45. Rxc7 b3 46. Rb7 $18) (37.
Qc5 Bd8 38. Qf2 Qc4 39. Qd4 Qxd4+ 40. cxd4 b5 41. Kf2 $18 {may also win but
has a less forcing nature.}) (37. Rb1 a4 $1) 37... Qb5 $1 $11 38. Qf6 (38. c4
$4 Bb6 $19) 38... Qe8 (38... Qb1+ 39. Rf1 (39. Kg2 Qxe4+ 40. Kh3 Qd5 $17) 39...
Bb6+ 40. Kg2 Qxe4+ 41. Rf3 Qe2+ 42. Kh3 Qe6+ 43. Qxe6 fxe6 44. Rf6 a4 45. Rxe6
a3 46. Re2 Bc5 $14 {looks drawish because the pawn is advanced.}) (38... Qd7
39. c4 $14) 39. Kf1 (39. c4 a4) 39... Be5 (39... b5 $5 {my even be better.})
40. Qb6 (40. Qf3 Qb5+ 41. Kg2 Qc4 $11) 40... Bxc3 {Draw offer.} 41. Qxb7 Bb4
42. Rf6 $1 {Finally a good move.} (42. Rc2 Qa4) 42... Kg7 43. Ra6 (43. e5 Bc3)
43... Qe5 44. Qd5 Qc3 45. Qd1 h5 46. Qe2 Bc5 47. Kg2 Bb4 48. h4 (48. e5 Qd4)
48... Qe5 49. Ra7 Qd4 50. Rb7 Qf6 $2 {He had immediate equality by putting by
pushing the a pawn.} (50... a4 51. e5 Qd5+ 52. Qf3 Qa2+ $11) 51. Qc4 (51. Qf2
$142 {could have exchanged the queens right away.}) 51... Be1 52. Qc2 Bb4 53.
Qb3 Bc5 54. Qf3 {After this he could have walked with the a pawn however he
wanted to keep a5 attached to Bb4.} Qxf3+ (54... a4 $142) 55. Kxf3 Bb4 {
This is the start of an interesting ending.In order to win white should
exchangeg and h pawns then squeeze black's king with Kf5 and e5.} 56. Rb5 Kf6
57. Rb6+ Ke7 (57... Ke5 58. Rb7 Ke6 {was also possible.}) 58. Ra6 Be1 59. Rb6 (
59. e5 Bc3 60. Ke4 Be1) 59... Kd7 60. Rf6 (60. e5) 60... Ke7 61. Ra6 Kd7 62. g4
{I could not find anything better.} hxg4+ 63. Kxg4 Bc3 64. Kf4 (64. h5 gxh5+
65. Kxh5 f6 $1 {Very important move.Now my king is too far away.So he can go
to help his a pawn.} 66. Kg4 Kc7 67. Kf5 Kb7 $11) 64... Ke7 (64... f6 65. Ra7+
Ke6 66. Rg7 g5+ $11) 65. Kg4 (65. e5 Be1 66. Ke4 Bxh4 67. Rxa5 Bf2 (67... f6 $4
68. Ra7+ Ke6 69. Ra6+ Ke7 70. e6 f5+ 71. Kd5 $18) 68. Ra6 Kf8 $11) 65... Kd7
66. Kf4 (66. Kg5 Ke7 67. h5 gxh5 68. Kxh5 Kd7 69. Kg4 f6 70. Kf5 Kc7 71. Ke6
Kb7 72. Rd6 a4 73. Rd3 Bb2 $11) 66... Ke7 67. e5 Be1 68. h5 $1 {I have to give
this pawn.} gxh5 69. Kf5 Kf8 70. Ra7 Kg8 71. Rb7 h4 $4 {This is exactly what
he should not have done.h4 square should be spared for a bishop's check.} (
71... Kf8 72. Rb1 Bg3 73. Rh1 h4 74. Kf6 Ke8 75. Rb1 h3 76. Rb8+ Kd7 77. Rb7+
Kc6 78. Rxf7 Bh4+ 79. Ke6 h2 80. Rf1 a4 $11) 72. Kf6 $18 Bg3 73. Rb3 $2 $138 {
I did not see perpetually the simple lateral attack which leads to win.} ({
I had a simple win with} 73. Rb8+ Kh7 74. Kxf7 Bxe5 75. Rb5 Bg7 76. Rh5+ Bh6
77. Rxh4 a4 78. Rxa4 $18) 73... Kh7 74. Ra3 $4 (74. Kxf7 Bxe5 75. Rb5 $18 {
leads to the win mentioned above.}) 74... Kh6 75. Rxa5 Be1 $4 $138 {He also
spoils it up.} (75... h3 $11) 76. Ra8 $2 {A comedy of errors starts.} (76. Rd5
Bg3 77. Kxf7 $18) 76... Kh5 77. Kf5 (77. Kxf7 h3 78. e6 Bb4 79. Rd8 $3 {
All of a sudden after this he does not have square for his bishop.} Kg5 80. Rd3
$18) 77... Kh6 78. Ra7 Bf2 79. Ra3 $2 (79. Rd7 Bg3 80. Rxf7 h3 81. Ke4 h2 82.
Rf1 Bf2 83. Kf3 $18) (79. Rxf7 $2 h3 $11) 79... Bg3 80. Rf3 Kh5 81. Ke4 $2 Kg6
$2 ({Missing the beautiful} 81... Kg4 $3 82. Rxf7 Bxe5 83. Kxe5 h3 $11) 82.
Rf6+ Kg7 83. Rb6 Bf2 84. Rb2 Bg3 85. Kf5 Kh6 86. Rb7 $2 (86. Rb3 Kg7 87. Rb7
$18 {would get the positions we have already seen.}) 86... Bf2 $2 (86... h3 $11
) 87. Rd7 Bg1 88. Rxf7 $4 {Finally I have decided the idiotic course of the
game by blundering last.} (88. Kf6 Kh5 (88... Bh2 89. Rxf7 h3 90. e6 Bd6 91. e7
$18) 89. Rxf7 h3 90. Rh7+ $18) 88... h3 $11 {Now it is an unavoidable draw.}
89. Rf6+ (89. e6 h2 90. e7 h1=Q 91. e8=Q Qh3+ 92. Kf4 $11 (92. Kf6 Bd4+ 93. Ke7
Bc5+ 94. Kd8 Bb6+ 95. Ke7 $11)) 89... Kh7 90. Rf7+ (90. Kg5 Be3+ 91. Kg4 h2 92.
Rf1 Bg1 93. Rf3 h1=Q 94. Rh3+ Qxh3+ 95. Kxh3 $11) (90. e6 h2 91. e7 h1=Q 92.
e8=Q Qh3+ 93. Kf4 Qh4+ 94. Kf5 Qf2+ (94... Qh3+ 95. Kf4) 95. Ke6 Qe2+ 96. Kd7
Qxe8+ 97. Kxe8 $11) 90... Kh6 91. Rf6+ Kh7 92. Rf7+ {The start of a
catastrophic tournament!} 1/2-1/2

[Event "Burgas Black Sea"]
[Site "Burgas"]
[Date "2012.09.14"]
[Round "4"]
[White "Atalik, Suat"]
[Black "Areshchenko, Alexander"]
[Result "0-1"]
[WhiteElo "2603"]
[BlackElo "2702"]
[Annotator "Atalik,S"]
[PlyCount "164"]
[EventDate "2012.09.12"]
[EventType "tourn"]
[EventRounds "10"]
[EventCountry "BUL"]
[EventCategory "18"]
[SourceTitle "CBM 151"]
[Source "ChessBase"]
[SourceDate "2012.11.13"]
[SourceVersion "1"]
[SourceVersionDate "2012.11.13"]
[SourceQuality "1"]

1. d4 Nf6 2. c4 g6 3. Nc3 d5 4. cxd5 Nxd5 5. e4 Nxc3 6. bxc3 Bg7 7. Bc4 c5 8.
Ne2 Nc6 9. Be3 O-O 10. O-O Bg4 11. f3 Bd7 12. Rb1 (12. Qd2 $6 Qa5 $1 13. Qb2 b5
$1 14. Qxb5 Qxb5 15. Bxb5 Nxd4 16. Bd3 Nxe2+ 17. Bxe2 Bxc3 18. Rad1 $11) (12.
d5 {I am always against this kind of expansion.} Ne5 13. Bb3 Qa5 14. a4 Rac8
15. c4 e6 16. Nf4 Rfe8 $13 {Avrukh.}) (12. Rc1 Rc8 13. Qd2 (13. Bd3 e6 14. Qd2
Qa5 $132) 13... Qa5 14. Qb2 cxd4 15. cxd4 Qb4 $132) 12... Qc7 (12... Rc8 13.
Bd3 Qc7 (13... Na5 14. Qd2 e5 15. d5) 14. Qd2 Rfd8 15. Rfc1 Be8 16. d5 Ne5 17.
c4 b6 18. Nc3 $14) 13. Bd3 (13. Nf4 cxd4 14. cxd4 Bxd4 15. Bxd4 Qxf4 16. Ba1
Rad8 17. Qb3 e5 18. Qxb7 Na5 $11 {Avrukh}) 13... Rfd8 (13... Rad8 14. Qd2 (14.
f4 Bg4 15. d5 e6 16. c4 Nd4 17. Qd2 Bxe2 18. Bxe2 Rfe8 19. Bd3 exd5 20. exd5
Nb3 $1 21. axb3 Rxe3 $17) (14. Qc1 cxd4 15. cxd4 Qd6 $132) (14. d5 Ne5 15. c4
f5 {Avrukh} 16. Bf4 e6 17. Qb3 (17. Bxe5 Bxe5 18. f4 fxe4 19. Bxe4 Bg7 20. d6
Qa5 21. Bxb7 (21. Rxb7 Qa6) 21... Ba4 22. Qd3 Rf7 $17) 17... Bc8 $1 18. exf5 (
18. Bxe5 Bxe5 19. f4 fxe4 20. fxe5 exd3 21. d6 Qg7 $1 $17) 18... gxf5 19. Nc3
Qe7 (19... exd5 20. Rbe1 Rfe8 21. Nxd5 Qf7 $13) 20. Rbd1 Ng6 21. Bg3 e5 $13)
14... Bc8 15. Rfc1 b6 $13) 14. Qc1 $5 (14. Qd2 a6) (14. Qe1 Be8 15. Qf2 cxd4 (
15... Ne5 16. Bf4) 16. cxd4 Nxd4 17. Nxd4 Bxd4 18. Bxd4 e5 19. Bxe5 Qxe5 20.
Bc4) (14. h3 $5 {is this ever played?} Be8 15. d5 Ne5 16. c4 e6 17. Nf4 b6 18.
Be2 Qe7 $132) (14. f4 $5 {It is amazing that this has never been played!} e6 (
14... cxd4 15. cxd4 Bg4 16. d5 Nd4 17. Qd2) (14... Bg4 15. d5 e6 16. c4 $1 Nd4
17. Qd2 Bxe2 18. Bxe2 exd5 19. cxd5) 15. f5 exf5 16. exf5 cxd4 17. cxd4 Re8 18.
Qd2 Ne7 $132) 14... cxd4 (14... Qd6 $6 15. Qa3 (15. d5 $2 Ne5 16. Bb5 Bxb5 17.
Rxb5 Qa6 18. Qb1 Nc4 19. Bc1 Nd6 20. Rb2 $17) 15... Ne5 16. Rfd1 Nxd3 17. dxc5
$16) 15. cxd4 Qd6 $1 {This is Black's big idea.} 16. d5 (16. Rxb7 $2 Nxd4 17.
Nxd4 Bxd4 18. Bb1 Rac8 19. Qd2 Bb6) 16... Ne5 17. Qd2 e6 18. Nf4 Nxd3 (18...
exd5 19. Nxd5 $14) 19. Nxd3 $5 {An interesting pawn sac.} (19. Qxd3 Be5 20.
dxe6 Bxf4 21. Qxd6 Bxd6 22. exd7 Rxd7 $11) 19... exd5 20. e5 Qc7 21. Bg5 Re8
22. Rfc1 Bc6 23. f4 Rac8 {The momentum of the game. I really could not come up
with a real follow-up.} 24. h3 {The move is designed against Qd7-g4.} (24. a4
$5 a5 25. Bh4 Qd7 26. Nc5 Qg4 $17) (24. Nb4 Qa5 $17) (24. Bh4 Qd7 25. Nb4 d4 $1
$17) 24... b6 25. a4 (25. f5 gxf5 26. Bf6 Bxf6 27. exf6 Kh8 $40) 25... Qd7 26.
a5 Bb5 27. axb6 Rxc1+ (27... axb6 28. Nf2 $44 (28. Nb4 Rxc1+ (28... Bc4 29.
Rxc4 Rxc4 30. Nxd5 Qa7 31. Kh2 $44) 29. Rxc1 d4 30. Rd1 Bf8 31. Kh2 $44)) 28.
Rxc1 $5 (28. Nxc1 axb6 29. Nb3 Bc4 30. Nd4 b5 $17) 28... Bxd3 29. Qxd3 axb6 30.
Rd1 h6 31. Bh4 g5 {Around here things became drawish since his extra pawn did
not have any real significance in the game.} (31... Qa4 32. Bg3 Rd8 33. Qf3 Qc4
34. f5 $132) (31... b5 32. Qxd5 Qxd5 33. Rxd5 Rb8 34. Rd3 b4 35. Rb3 Bf8 36.
Kf1 (36. Be1 f6) 36... g5 37. fxg5 Be7 38. Ke2 hxg5 39. Be1 Kg7 40. Kd3 Kg6 41.
g4 $11) 32. Bg3 (32. fxg5 hxg5 33. Bxg5 Rxe5 34. Bf4 Rf5 35. Bc7 b5 36. g4 Rf6
37. Be5 Re6 38. Bxg7 Kxg7 39. Qd4+ $11) 32... gxf4 33. Bxf4 Qa4 34. Rf1 (34.
Qf3 Bxe5 35. Qg4+ Bg7 36. Rxd5 Qe4 37. Qf5 Qxf5 38. Rxf5 $15) 34... Qc4 35. Qd2
Re6 36. Rc1 Qe4 37. Re1 Qa4 38. Bg3 Qa5 39. Qf4 Qc5+ 40. Kh2 Qc4 41. Qd2 Qc6
42. Rc1 Qd7 43. Qd4 h5 44. Rd1 Qe7 45. Re1 (45. Qxd5 Bxe5 46. Bxe5 Rxe5 47. Qb3
$132 (47. Qd6 Qxd6 48. Rxd6 b5 49. Rb6 Kg7 50. Kg3 $11 {This rook ending is
easily holdable.})) 45... Qd8 46. Rd1 (46. Re3 $5 $15) 46... Qg5 47. h4 $4 {
A terrible blunder in mutual time trouble.} (47. Qxd5 Bxe5 48. Bxe5 (48. Rd3
Rd6 49. Qa8+ Kg7) 48... Qxe5+ 49. Qxe5 Rxe5 50. Rd8+ Kg7 51. Rb8 b5 52. Rb6 f6
53. Kg3 Kg6 54. Kh4 Re4+ 55. g4 hxg4 56. hxg4 Rb4 57. Ra6 Rd4 58. Rb6 b4 59.
Rb5 Kf7 60. Kg3 $11 Ke6 61. Rb6+ Ke5 62. Rb5+ Ke4 63. Rb6 Rd3+ 64. Kh4 b3 65.
Rxf6 $11) 47... Qxg3+ $1 $19 {I had completely overlooked his threat.} 48. Kxg3
Bxe5+ 49. Qxe5 (49. Qf4 Rg6+ 50. Kf3 Bxf4 51. Kxf4 d4 (51... Rg4+ 52. Kf3) (
51... Rxg2 52. Rxd5 Rg4+ 53. Kf3 Rxh4 54. Rb5)) 49... Rxe5 50. Kf4 f6 $19 51.
Rb1 Re6 52. Kf5 (52. Rd1 Rd6 53. Rd4 Kg7 54. g4 hxg4 55. Kxg4 Kg6 56. Kf4 b5
$19) 52... Kf7 53. Rc1 (53. g4 hxg4 (53... Re5+ $2 54. Kf4 Re4+ 55. Kf5 $132)
54. Kxg4 d4 $19) 53... Rd6 $4 (53... Re5+ 54. Kf4 Kg6 55. Rd1 b5 $19) 54. Rc7+
Kf8 55. g4 hxg4 $4 {Two unforced errors caused him to botch up his winning
position.} (55... d4 56. gxh5 d3 57. h6 Kg8 $19) 56. h5 d4 (56... g3 57. h6 Kg8
58. Rg7+ (58. Kg6 f5+ 59. Kh5 Rf6 60. Rg7+ Kh8 61. Kg5 Re6 62. Kxf5 Re3 63. Kg6
$11) 58... Kh8 59. Kg6 f5+ 60. Kxf5 Rxh6 61. Rxg3 $11) 57. h6 Kg8 58. Kg6 f5+
59. Kg5 $4 {Once I committed a similar blunder against GM Czarnota.} (59. Kh5
g3 (59... Rd8 60. Kg6 $11) 60. Rc8+ Kh7 $11 {and his king can not break out} ({
due to} 60... Kf7 $4 61. h7 $18)) 59... g3 60. Rc8+ Kh7 61. Rc7+ Kg8 62. Rc8+ (
{I could not bring back the drawing mechanism.} 62. Kh5 d3 63. Rc8+ Kf7 64. h7
d2 $19) 62... Kf7 63. h7 g2 64. Rf8+ Ke6 65. Re8+ Kd5 66. Re1 Rd8 67. Rg1 (67.
Kxf5 d3) 67... Rh8 68. Kg6 (68. Kh6 f4 69. Rxg2 f3 70. Rg8 Rxh7+ 71. Kxh7 d3
72. Rf8 Ke4 73. Re8+ Kd4 74. Rd8+ Kc4 75. Rc8+ Kb4 $19) 68... f4 69. Rxg2 f3
70. Rf2 {The best White could have achieved is a QvsR endgame.} (70. Ra2 Ke4
71. Ra7 f2 $19) (70. Rb2 Ke4 71. Rxb6 d3 72. Re6+ Kd4 73. Rd6+ Ke3 74. Re6+ Kd2
75. Rf6 Ke2 76. Re6+ Kf1 77. Rd6 f2 78. Kg7 Rxh7+ 79. Kxh7 Ke2 80. Re6+ Kd2 81.
Rf6 Ke3 82. Re6+ Kd4 83. Rf6 d2 $19) 70... Ke4 71. Rb2 d3 72. Kg7 Rd8 73. h8=Q
Rxh8 74. Kxh8 Ke3 75. Rxb6 d2 76. Re6+ Kf4 77. Rd6 f2 78. Rxd2 f1=Q 79. Rd6 (
79. Rd7 Qh3+ 80. Rh7 Qc8+ 81. Kg7 Kg5 82. Kf7 Qd8 83. Rg7+ Kf5 84. Rh7 Qd5+ 85.
Kg7 Kg5 $19) 79... Qh3+ (79... Qe2 $142) 80. Kg7 Ke5 81. Rg6 Qd7+ 82. Kh6 Qe7
$138 {Here I have overstepped the time limit.} (82... Qe7 83. Rg5+ Kf4 84. Rg1
Qd6+ 85. Rg6 Qd8 86. Kg7 Qe7+ 87. Kg8 Kf5 88. Rh6 (88. Rg7 Qe8+ 89. Kh7 Kf6)
88... Qd7 89. Kf8 Kg5 $19) 0-1